| 000 | 01989nam a2200409 a 4500 | ||
|---|---|---|---|
| 001 | ebr10218407 | ||
| 003 | CaPaEBR | ||
| 006 | m u | ||
| 007 | cr cn||||||||| | ||
| 008 | 060622s2007 msua sb s001 0beng | ||
| 010 | _z 2006020846 | ||
| 015 |
_aGBA714588 _2bnb |
||
| 016 | 7 |
_z013678463 _2Uk |
|
| 020 | _z1578069157 (cloth : alk. paper) | ||
| 020 | _z9781578069156 (hbk.) | ||
| 040 |
_aCaPaEBR _cCaPaEBR |
||
| 035 | _a(OCoLC)648357813 | ||
| 043 | _an-us--- | ||
| 050 | 1 | 4 |
_aML410.G978 _bJ33 2007eb |
| 082 | 0 | 4 |
_a782.42162/130092 _aB _222 |
| 100 | 1 | _aJackson, Mark Allan. | |
| 245 | 1 | 0 |
_aProphet singer _h[electronic resource] : _bthe voice and vision of Woody Guthrie / _cMark Allan Jackson. |
| 250 | _a1st ed. | ||
| 260 |
_aJackson : _bUniversity Press of Mississippi, _c2007. |
||
| 300 |
_aviii, 303 p. : _bill. |
||
| 490 | 1 | _aAmerican made music series | |
| 504 | _aIncludes bibliographical references (p. 259-291) and index. | ||
| 505 | 0 | _aIs this song your song anymore? : revisioning "this land is your land" -- Busted, disgusted, down and out : documenting the stories of America's agricultural workers -- The poor, hard-working man blues ; documenting the troubles of other American workers -- Skin trouble : documenting race and redemption -- Stepping outside the law : class consciousness in Guthrie's outlaw songs -- The union feeling : tracing a vision of a better world. | |
| 533 |
_aElectronic reproduction. _bPalo Alto, Calif. : _cebrary, _d2013. _nAvailable via World Wide Web. _nAccess may be limited to ebrary affiliated libraries. |
||
| 600 | 1 | 0 |
_aGuthrie, Woody, _d1912-1967. |
| 650 | 0 |
_aFolk singers _zUnited States _vBiography. |
|
| 650 | 0 |
_aFolk music _xSocial aspects _zUnited States. |
|
| 655 | 7 |
_aElectronic books. _2local |
|
| 710 | 2 | _aebrary, Inc. | |
| 830 | 0 | _aAmerican made music series. | |
| 856 | 4 | 0 |
_uhttp://site.ebrary.com/lib/rucke/Doc?id=10218407 _zAn electronic book accessible through the World Wide Web; click to view |
| 999 |
_c240631 _d240631 |
||